|
|
|
|
| LEADER |
01713nam a22003978i 4500 |
| 001 |
35111 |
| 003 |
BD-DhAAL |
| 005 |
20211118111014.0 |
| 008 |
190807t2017 nyu b 001 0 eng d |
| 999 |
|
|
|c 40830
|d 40830
|
| 010 |
|
|
|a 2016055266
|
| 020 |
|
|
|a 9781138654204 (pb : alk. paper)
|
| 020 |
|
|
|a 9781138654181 (hb : alk. paper)
|
| 020 |
|
|
|z 9781315623368 (ebook)
|
| 040 |
|
|
|a DLC
|b eng
|c DLC
|e rda
|d DLC
|d BD-DhAAL
|
| 042 |
|
|
|a pcc
|
| 050 |
0 |
0 |
|a NA4100
|b .B46 2017
|
| 082 |
0 |
0 |
|a 721.040285
|2 23
|
| 100 |
1 |
|
|a Beorkrem, Christopher
|9 33422
|
| 245 |
1 |
0 |
|a Material strategies in digital fabrication /
|c Christopher Beorkrem.
|
| 250 |
|
|
|a Second edition.
|
| 260 |
|
|
|a New York :
|b Routledge, Taylor & Francis Group,
|c c2017.
|
| 300 |
|
|
|a 255 pages ;
|c 28 cm.
|
| 504 |
|
|
|a Includes bibliographical references and index.
|
| 526 |
|
|
|a ARC
|
| 541 |
|
|
|a Trim Education
|e 35111, 35112
|
| 650 |
|
0 |
|a Building materials.
|9 33423
|
| 650 |
|
0 |
|a Architecture
|x Technological innovations.
|9 33424
|
| 650 |
|
0 |
|a Manufacturing processes
|x Data processing.
|9 33425
|
| 650 |
|
0 |
|a Manufacturing processes
|x Automation.
|9 33426
|
| 650 |
|
0 |
|a Architecture.
|9 42782
|
| 650 |
|
0 |
|a Computer integrated manufacturing systems.
|9 33427
|
| 852 |
|
|
|a Ayesha Abed Library
|c General Stacks
|
| 942 |
|
|
|2 ddc
|c BK
|
| 952 |
|
|
|0 0
|1 0
|2 ddc
|4 0
|6 721_040285000000000_BEO
|7 0
|9 65968
|a BRACUL
|b BRACUL
|c GEN
|d 2019-07-28
|e Trim Education
|g 2575.00
|l 0
|o 721.040285 BEO
|p 3010035112
|r 2019-07-28
|t 2
|v 2575.00
|w 2019-07-28
|y BK
|x Transferred from ARC to BRACUL on 28/12/2023
|
| 952 |
|
|
|0 0
|1 0
|2 ddc
|4 0
|6 721_040285000000000_BEO
|7 0
|9 65969
|a BRACUL
|b BRACUL
|c GEN
|d 2019-07-28
|e Trim Education
|g 2575.00
|l 0
|o 721.040285 BEO
|p 3010035111
|r 2019-07-28
|t 1
|v 2575.00
|w 2019-07-28
|y BK
|